00603nam a22002297a 4500003000500000005001700005008004100022010000900063011001000072035000900082040000900091082001500100100001600115245006200131260004000193300001900233650002600252650003200278650003000310700001900340700001400359CHAP20220329133659.0971013s1992 r 00010 d a9419 a10391 a9628 cCHAP a636.3bC5500aCharray, J. aManual of sheep production in the humid tropics of Africa aOxon :bC.A.B. International,c1992 a187 p.b: ilus14aGanado lanarxAfrica.14aGanado lanarxProducción.14aGanado lanarxTrópicos.0 aHumbert, J. M.0 aLevif, J.